000 01254nam a22003017a 4500
001 79410
003 BD-RjUL
005 20220612155549.0
008 220217s1976 bg a|||| m||| 00| 0 eng d
035 _a(BD-RjUL)79410
040 _aBD-RjUL
_beng
_cBD-RjUL
_dBD-RjUL
041 _aeng
082 _223
_a306.83095492
_b1976
100 _aAziz, K. M. Ashraful
_91434
245 1 0 _aKin Terminologies and Family Structures of Muslims and Hindus in Matlab Thana and Neighbourhood, rural Bangladesh /
_cK. M. Ashraful Aziz ;
_6Advisers : S. A. Qadir and Joanna Kirkpatrick
260 _aRajshahi :
_bInstitute of Bangladesh Studies, University of Rajshahi,
_c1976
300 _avi, 268 leaves :
_bill, ;
_c26 cm.
502 _aThesis (M. Phil.) -- Institute of Bangladesh Studies, University of Rajshahi, 1976
504 _aReferences : Leaves 262 - 268
600 _y
_93556
650 _aKinship
_zBangladesh.
_zMatlab Thana
_93552
650 _aKinship
_xTerminology.
_93553
650 _aManners and customs
_zBangladesh
_zMatlab Thana
_93554
651 _aBangladesh
_zMatlab Thana
_xSocial life and customs.
_93555
700 _aQadir, S. A , Adviser
_91437
700 _aKirkpatrick, Joanna, jt. Adviser
_91438
942 _2ddc
_cTHE
999 _c79410
_d79410